00267nam a2200109Ia 4500100002300000654003300023245003900056260002700095082001500122300000800137546001200145 aBranden Nathaniel  aSix pillars of self esteem aThe Six Pillars of Self esteem bBantamaNew yorkc1994 a158.1bBRA a341 aENGLISH